000 01799nam a2200481 i 4500
001 97448
003 FlNmELB
005 20241217172656.0
006 m o d |
007 cr cnu||||||||
008 170213s2010 sp ob 001 0 spa d
020 _z9788484277316
020 _a9788490440070 (e book)
035 _a(MiAaPQ)EBC4760478
035 _a(Au-PeEL)EBL4760478
035 _a(CaPaEBR)ebr11312459
035 _a(OCoLC)959720227
040 _aFINmELB
_bspa
_erda
_cFINmELB
050 4 _aBX1711
_bS247 2010
080 _a272
082 0 _a272.2
_223
100 1 _aSarrión Mora, Adelina.
245 1 0 _aSexualidad y confesión :
_bla solicitación ante el Tribunal del Santo Oficio (siglos XVI-XIX) /
_cAdelina Sarrión Mora.
264 1 _aCuenca :
_bEdiciones de la Universidad de Castilla-La Mancha,
_c2010.
300 _a1 recurso en línea (338 páginas)
336 _atexto
_btxt
_2rdacontent/spa
337 _acomputadora
_bc
_2rdamedia/spa
338 _arecurso en línea
_bcr
_2rdacarrier/spa
500 _aTesis--Universidad Autónoma de Madrid, 1993.
500 _aContiene índice.
504 _aContiene bibliografía.
588 _aDescripción basada en recurso en línea; Título de la página del título en PDF (e-libro, visto Februar 13, 2017).
590 _aRecurso electronico. Santa Fe, Arg. : e-libro, 2016. Disponible via World Wide Web. El acceso puede ser limitado para las bibliotecas afiliadas a e-libro.
650 0 _aInquisition.
650 0 _aSolicitation (Canon law)
650 4 _aInquisición.
650 4 _aReligión.
651 0 _aCastilla-La Mancha (Spain)
651 4 _aEspaña.
655 4 _aLibros electrónicos.
797 2 _ae-libro, Corp.
856 4 0 _uhttps://elibro.net/ereader/politecnicointernacional/57253
999 _c97448
_d97448